000 00377nam a2200145Ia 4500
008 230917s9999||||xx |||||||||||||| ||und||
040 _e28184
_aMAIN
041 _aEnglish
082 _a784 S64M
100 _aSinha, Surekha
245 0 _aMadyayageen shastriya sangeet ke aadhar stambha-ashtasakha
260 _aJaipur
_bPanchsheel
_c1997
300 _ax, 131 p.
942 _cBK
999 _c91461
_d91461